| 000 | 00568nam a22001937a 4500 | ||
|---|---|---|---|
| 003 | OSt | ||
| 005 | 20140310182758.0 | ||
| 008 | 130211t xxu||||| |||| 00| 0 eng d | ||
| 020 | _a0071234063 | ||
| 050 |
_aHF 5548.32 _b.Ob27 2004 |
||
| 100 | _aO'Brien , James A. | ||
| 245 |
_aManagement information systems : _bmanaging information technology in the business enterprise / _cJames A. O'Brien |
||
| 260 |
_aBoston : _bMcGraw-Hill/Irwin, _c2004. |
||
| 300 |
_a723 p. : _bcol. ill. _c29 cm |
||
| 521 | _aBSBA | ||
| 562 | _e1 | ||
| 942 |
_2lcc _cBK _kFOR |
||
| 999 |
_c15912 _d15912 |
||